000 01211nam0a22002771 4500
001 rc\3619652
005 20130115144142.4
021 _aRU
_b88-ВП-2895/13,14
035 _a(NLR Aleph) 007716993
090 _a6909527
_c6909527
100 _a20130115d1973 |||y0rusy50 ca
101 0 _arus
102 _aRU
105 _ay z |||||
200 1 _aМАЛОПИЛЛИНГУЮЩЕЕСЯ полиэфирное волокно
_f[К. т. н. Л.А. Жульков и др.]
210 _aМосква
_cЦНИИТЭИ лег. пром-сти
_d1973
215 _a19 с.
_cграф.
_d22
225 1 _aЭкспресс-информация
_fМ-во лег. пром-сти СССР, ЦНИИ информ. и техн.-экон. исслед. лег. пром-сти
_hСерия А
_iТекстильная промышленность
320 _aБиблиогр.: с. 18
702 1 _aЖульков
_bЛ. А.
_4220
712 0 2 _aЦентральный институт науч.-техн. информации легкой промышленности
_cМосква
_3RU\NLR\AUTH\8810025847
801 0 _aRU
_bNLR
_gpsbo
801 1 _aRU
_bELAR
_2rusmarc
852 _aNLR
_j88-6/3857
942 _cBOOK
980 _aNB